00345nam a2200145Ia 4500003000400000005001700004008004100021040000700062041000800069082001900077245005900096260002500155300001100180365000800191OSt20230531162031.0210423s1979 xx 000 0 und d cAL aeng a370223b UNER aResearch and training in literary in asia and oceamia. aFrancebUNESCOc1979 a34bPB cINR